000 00540nam a2200193 a 4500
001 686830
005 20240216015255.0
008 950914s1995 ce b 000 0 eng
020 _a9555800065
040 _aDLC
_cDLC
082 _222
_a320.01.
_bTAM.
100 2 _aTheva Rajan, A.
245 1 0 _aTamil as official language :
_bretrospect and prospect /
_cA. Theva Rajan.
260 _aColombo :
_bInternational Centre for Ethnic Studies,
_c1995.
300 _a126 p. ;
650 0 _aLanguage policy
650 0 _aTamil language
942 _cL
999 _c407
_d407